| 000 | 00000nam 2200000zi 4500 |
| 001 | 9.946596 |
| 003 | CaOODSP |
| 005 | 20250108072159 |
| 006 | m o d f |
| 007 | cr mn||||||||| |
| 008 | 250107s1969 onca obs f000 0 fre d |
| 040 | |aCaOODSP|bfre|erda|cCaOODSP |
| 043 | |an-cn--- |
| 045 | |ax2x6 |
| 086 | 1 |aId40-14/1969F-PDF |
| 245 | 00|aÉtude de l'industrie des articles de sport au Canada. |
| 264 | 1|aOttawa : |bDirection des produits chimiques, Ministère de l'industrie et du commerce, |c1969. |
| 300 | |a1 ressource en ligne (114 pages) : |billustrations |
| 336 | |atexte|btxt|2rdacontent/fre |
| 337 | |ainformatique|bc|2rdamedia/fre |
| 338 | |aressource en ligne|bcr|2rdacarrier/fre |
| 500 | |aPublié aussi en anglais sous le titre : A review of the sporting goods industry in Canada. |
| 500 | |aÉdition numérisée de l'imprimé [par Innovation, sciences et développement économique Canada]. |
| 504 | |aComprend des références bibliographiques (pages 113-114). |
| 650 | 6|aArticles de sport|xIndustrie|zCanada. |
| 650 | 6|aArticles de sport|xIndustrie|zCanada|vStatistiques. |
| 655 | 7|aStatistiques|2rvmgf |
| 710 | 1 |aCanada. |bMinistè€re de l'industrie et du commerce. |bDirection des produits chimiques, |eorganisme de publication. |
| 775 | 08|tA review of the sporting goods industry in Canada.|w(CaOODSP)9.938640 |
| 856 | 40|qPDF|s2.11 Mo|uhttps://publications.gc.ca/collections/collection_2025/isde-ised/Id40-14-1969-fra.pdf |